Đường thi tinh tuyển
Enregistré dans:
| Auteur principal: | |
|---|---|
| Format: | Livre |
| Langue: | Undetermined |
| Publié: |
Hà Nội
Văn Hóa Dân Tộc
2001
|
| Sujets: | |
| Tags: |
Ajouter un tag
Pas de tags, Soyez le premier à ajouter un tag!
|
| Thư viện lưu trữ: | Trung tâm Học liệu Trường Đại học Cần Thơ |
|---|
| LEADER | 00473nam a2200169Ia 4500 | ||
|---|---|---|---|
| 001 | CTU_40309 | ||
| 008 | 210402s9999 xx 000 0 und d | ||
| 082 | |a 895.11 | ||
| 082 | |b D523 | ||
| 100 | |a Duy Phi | ||
| 245 | 0 | |a Đường thi tinh tuyển | |
| 245 | 0 | |c Duy Phi | |
| 260 | |a Hà Nội | ||
| 260 | |b Văn Hóa Dân Tộc | ||
| 260 | |c 2001 | ||
| 650 | |a chinese poetry - collections,t'ang poems | ||
| 980 | |a Trung tâm Học liệu Trường Đại học Cần Thơ | ||